MARC

LEADER 00000nam0a2200000 4500
001 376460
005 20231101051959.0
035 |a (RuTPU)RU\TPU\retro\33900 
035 |a RU\TPU\book\228280 
090 |a 376460 
100 |a 20221222d1969 k y0rusy50 ca 
101 1 |a rus  |c eng 
102 |a RU 
105 |a a z 001zy 
200 1 |a Гидрогеология с основами гидрологии суши  |e пер. с англ.  |h Т. 1  |f Р. Д. М. де Уист 
210 |a Москва  |c Мир  |d 1969 
215 |a 312 с.  |c ил. 
225 1 |a Науки о Земле. Фундаментальные труды зарубежных ученых по геологии, геофизике и геохимии 
320 |a Библиография в конце глав. 
320 |a Предметный указатель: с. 308-311. 
610 1 |a гидрогеология 
610 1 |a гидрология 
610 1 |a суша 
610 1 |a подземные воды 
610 1 |a динамика 
610 1 |a движение 
610 1 |a изучение 
610 1 |a потоки 
610 1 |a дисперсия 
610 1 |a пресные воды 
610 1 |a соленые воды 
610 1 |a гидрогеологические процессы 
610 1 |a моделирование 
675 |a 556  |v 3 
700 1 |a де Уист  |b Р. Д. М.  |g Роджер Дж. М. 
801 1 |a RU  |b 63413507  |c 20120208 
801 2 |a RU  |b 63413507  |c 20221222  |g RCR 
942 |c BK